| 000 | 01099nam a2200277Ia 4500 | ||
|---|---|---|---|
| 003 | OSt | ||
| 005 | 20221005105455.0 | ||
| 006 | a|||||r|||| 00| 0 | ||
| 007 | ta | ||
| 008 | 221004b |||||||| |||| 00| 0 hin d | ||
| 020 | _c100 | ||
| 024 | _a121430 | ||
| 037 |
_b13331, 17/07/2012, Kitab Ghar _cTextual |
||
| 040 |
_aCRL _cCRL _bhin |
||
| 041 |
_2hin _ahin |
||
| 082 | _aO152,2N32x, N8 | ||
| 100 | _aचिरंजीत | ||
| 245 | 0 |
_aसात राष्ट्रीय रेडियो नाटक _b रचनाकाल सन् 1954 - 1997 |
|
| 246 | _aSāt rāṣhṭrīya reḍiyo nāṭaka: rachanākāl san 1954 - 1997 | ||
| 260 |
_aनई दिल्ली _bभारतीय प्रकाशन संस्थान भारत _c1998 |
||
| 300 |
_a160पृ0 _ccm. |
||
| 490 | _aमेरे प्रतिनिधि रेडियो - नाटक; 2 | ||
| 650 | _aहिन्दी साहित्य | ||
| 942 |
_hO152,2N32x, N8 _cTEXL _2cc |
||
| 999 |
_c1015945 _d1015945 |
||